Οι παράξενοι λόγοι της κυρίας Μποβαρύ
Saved in:
| Main Author: | |
|---|---|
| Format: | Book |
| Language: | Greek |
| Published: |
Αθήνα :
Γαλλικό Ινστιτούτο Αθηνών,
1992.
|
| Series: | Θέατρο (Γαλλικό Ινστιτούτο Αθηνών)
; 1 |
| Subjects: | |
| Tags: |
Add Tag
No Tags, Be the first to tag this record!
|
MARC
| LEADER | 00000cam a2200000 i 4500 | ||
|---|---|---|---|
| 001 | 1/80541 | ||
| 008 | 960827s1992 gr | ||| |||| ||gre|| | ||
| 035 | |a 1995 |b 1 |c Χριστοδουλίδου |l 10033470 | ||
| 040 | |a GR-MY-UA |b gre |e aacr | ||
| 041 | 0 | |a gre | |
| 082 | 7 | |a 889.27 |2 (22) | |
| 100 | 1 | |a Μιτσοτάκη, Κλαίρη, |d 1949- | |
| 245 | 1 | 3 | |a Οι παράξενοι λόγοι της κυρίας Μποβαρύ / |c Κλαίρη Μιτσοτάκη. |
| 260 | |a Αθήνα : |b Γαλλικό Ινστιτούτο Αθηνών, |c 1992. | ||
| 300 | |a 43 σ. ; |c 24 εκ. | ||
| 490 | 1 | |a (Θέατρο / Γαλλικό Ινστιτούτο Αθηνών ; |v 1) | |
| 650 | 0 | 0 | |a Greek drama. |
| 830 | 0 | |a Θέατρο (Γαλλικό Ινστιτούτο Αθηνών) |v ; 1 | |
| 852 | |a INST |b RHODES |e 19960827 |h 889.27 ΜΙΤ |p 005400007175 |q 005400007175 |t BK |y 0 | ||
| 909 | |a Ρ |b 040455 | ||
| 970 | |z 2000/06/ΚΑΤΕΡΙΝΑ | ||